000 01072nac a22003137a 4500
001 BR9700335
003 BR-BrBNA
005 20240105121904.0
008 230509b bl.|||m| |||| 00| 0 por d
040 _aBR-BrBNA
_bpor
_cBiblioteca Nacional de Agricultura
072 _aL02; L01
090 _a5212 BR9700335
100 1 _aSeiffert, N.F.
100 1 _aGraeff, A.
110 1 _aEmpresa de Pesquisa Agropecuaria e de Extensao Rural de Santa Catarina S.A., Florianopolis (Brasil)
245 1 _aRecomendacoes para manejo e alimentacao do rebanho leiteiro - regiao colonial do Rio do Peixe
260 3 _aFlorianopolis, SC (Brasil):
_c1996.
300 _a61 p.
490 _aDocumentos - Empresa de Pesquisa Agropecuaria e de Extensao Rural de Santa Catarina S.A. (Brazil)
_vno. 170
_xISSN 0100-8986
500 _a24 tables
650 _aGado Leiteiro
650 _aRacao
650 _aManejo
650 _aPastagem
650 _aSistema de Producao
650 _aRio do Peixe
909 _a202312
_bLúcia Elande
_c55
_dLúcia Elande
942 _2AGRIS
_n0
_cMS
999 _c288053
_d288053